| 000 | 00639nam a2200205 a 4500 | ||
|---|---|---|---|
| 005 | 20210219153100.0 | ||
| 008 | 991125n 000 0 spa u | ||
| 035 | _aUPN01000076931 | ||
| 100 | _aGUERRERO, Guido | ||
| 222 | _aREVISTA DE TECNOLOGIA EDUCATIVA | ||
| 245 | _aEquipos de gestion y proyecto educativo : condiciones básicas para una gestión educativa en un contexto descentralizado | ||
| 300 | _a227-248 | ||
| 362 | _a2000 14 (1-2) | ||
| 653 | 0 | _aCHILE (PAIS) | |
| 653 | 0 | _aDESCENTRALIZACION EDUCATIVA | |
| 653 | 0 | _aGESTION EDUCATIVA | |
| 653 | 0 | _aMODERNIZACION EDUCATIVA | |
| 904 |
_aAC _b014742 |
||
| 905 | _aArticulo | ||
| 999 |
_c67994 _d67994 |
||